000 00541nam a2200229Ia 4500
003 OSt
005 20220928145414.0
006 a|||||r|||| 00| 0
007 ta
008 220927b |||||||| |||| 00| 0 eng d
024 _a80530
037 _cTextual
040 _aSDCL
_cSDCL
_beng
041 _2eng
_aeng
082 _aB2893, L2
100 _aChurchill Ruel V
245 0 _aOperational mathematics
250 _a3
260 _c1972
942 _hB2893, L2
_cTEXL
_2CC
999 _c833553
_d833553